King Arthur / (Record no. 2103)
[ view plain ]
| 000 -LEADER | |
|---|---|
| fixed length control field | 01322cam a22003733a 4500 |
| 001 - CONTROL NUMBER | |
| control field | 2103 |
| 003 - CONTROL NUMBER IDENTIFIER | |
| control field | FISKH |
| 005 - DATE AND TIME OF LATEST TRANSACTION | |
| control field | 20231106142559.0 |
| 008 - FIXED-LENGTH DATA ELEMENTS--GENERAL INFORMATION | |
| fixed length control field | 030331s2003 nyu j 000 1 eng d |
| 010 ## - LIBRARY OF CONGRESS CONTROL NUMBER | |
| LC control number | 2003586293 |
| 020 ## - INTERNATIONAL STANDARD BOOK NUMBER | |
| International Standard Book Number | 0439440645 (pbk.) : |
| 020 ## - INTERNATIONAL STANDARD BOOK NUMBER | |
| International Standard Book Number | 9780439440646 |
| 035 ## - SYSTEM CONTROL NUMBER | |
| System control number | (OCoLC)ocm51946715 |
| 040 ## - CATALOGING SOURCE | |
| Original cataloging agency | IMF |
| Transcribing agency | IMF |
| Modifying agency | DLC |
| Language of cataloging | eng |
| 042 ## - AUTHENTICATION CODE | |
| Authentication code | lccopycat |
| 050 00 - LIBRARY OF CONGRESS CALL NUMBER | |
| Classification number | PZ8.M38 |
| 082 ## - DEWEY DECIMAL CLASSIFICATION NUMBER | |
| Classification number | 398.2094202 |
| 100 1# - MAIN ENTRY--PERSONAL NAME | |
| Personal name | Mason, Jane B. |
| 245 10 - TITLE STATEMENT | |
| Title | King Arthur / |
| Statement of responsibility, etc. | adapted by Jane B. Mason and Sarah Hines Stephens. |
| 260 ## - PUBLICATION, DISTRIBUTION, ETC. | |
| Place of publication, distribution, etc. | New York : |
| Name of publisher, distributor, etc. | Scholastic, |
| Date of publication, distribution, etc. | 2003. |
| 300 ## - PHYSICAL DESCRIPTION | |
| Extent | 131 pages ; |
| Dimensions | 20 cm |
| 490 0# - SERIES STATEMENT | |
| Series statement | Scholastic junior classics |
| 505 ## - FORMATTED CONTENTS NOTE | |
| Formatted contents note | T<br/> |
| 520 ## - SUMMARY, ETC. | |
| Summary, etc. | "In the center of the courtyard of a medieval church stands a single block of marble. On top of the marble lies a heavy black anvil. Struck deep through them both is a glittering sword. Whoever can remove the sword from the stone is the rightful king of Britain..." |
| 521 8# - TARGET AUDIENCE NOTE | |
| Target audience note | 790<br/> |
| Source | Lexile<br/> |
| 521 8# - TARGET AUDIENCE NOTE | |
| Target audience note | T<br/> |
| Source | Raz-Plus<br/> |
| 600 00 - SUBJECT ADDED ENTRY--PERSONAL NAME | |
| Personal name | Arthur, |
| Titles and other words associated with a name | King |
| Form subdivision | Fiction. |
| 650 #0 - SUBJECT ADDED ENTRY--TOPICAL TERM | |
| Topical term or geographic name entry element | Britons |
| General subdivision | Kings and rulers |
| Form subdivision | Fiction. |
| 650 #0 - SUBJECT ADDED ENTRY--TOPICAL TERM | |
| Topical term or geographic name entry element | Arthurian romances. |
| 655 #7 - INDEX TERM--GENRE/FORM | |
| Genre/form data or focus term | Children's stories. |
| Source of term | lcsh |
| 700 1# - ADDED ENTRY--PERSONAL NAME | |
| Personal name | Hines-Stephens, Sarah. |
| Relator term | Author |
| 906 ## - LOCAL DATA ELEMENT F, LDF (RLIN) | |
| a | 7 |
| b | cbc |
| c | copycat |
| d | 2 |
| e | ncip |
| f | 20 |
| g | y-genrareb |
| 942 ## - ADDED ENTRY ELEMENTS (KOHA) | |
| Source of classification or shelving scheme | Dewey Decimal Classification |
| Koha item type | Books |
| Suppress in OPAC | No |
| Withdrawn status | Lost status | Source of classification or shelving scheme | Damaged status | Not for loan | Collection | Home library | Current library | Shelving location | Date acquired | Total Checkouts | Full call number | Barcode | Date last seen | Copy number | Price effective from | Koha item type |
|---|---|---|---|---|---|---|---|---|---|---|---|---|---|---|---|---|
| Dewey Decimal Classification | Fiction | Footprints International School Library Network Toul Kork Campus | Footprints International School Library Network Toul Kork Campus | A TK Campus, 4th Floor, Room B401, Fiction Bookcases (1-6) | 11/06/2023 | MAS 398.2094202 PZ8.M38 | FISTK04873 | 11/06/2023 | 1 | 11/06/2023 | Books | |||||
| Dewey Decimal Classification | Fiction | Footprints International School Library Network Toul Kork Campus | Footprints International School Library Network Toul Kork Campus | TTP Secondary Fiction Bookshelves | 09/25/2024 | MAS 398.2094202 PZ8.M38 | 2024-2086 | 09/25/2024 | 2 | 09/25/2024 | Books |
